[Event "BCF-chT qual (4NCL)"]
[Site "England"]
[Date "2002.06.03"]
[Round "4"]
[White "Houska, Karla"]
[Black "Pleasants, Allan J"]
[Result "0-1"]
[WhiteElo "1072"]
[BlackElo "1944"]
[PlyCount "124"]
[EventDate "2002.06.??"]
[EventType "team"]
[EventRounds "8"]
[EventCountry "ENG"]
[SourceTitle "EXT 2005"]
[Source "ChessBase"]
[SourceDate "2004.11.15"]
[SourceVersion "1"]
[SourceVersionDate "2004.11.15"]
[SourceQuality "1"]
[WhiteTeam "Slough"]
[BlackTeam "Wessex"]
[WhiteTeamCountry "ENG"]
[BlackTeamCountry "ENG"]

1. e4 d5 2. exd5 Nf6 3. Nc3 Nxd5 4. Nxd5 Qxd5 5. Nf3 Bg4 6. Be2 Nc6 7. 0-0 0-0-0 8. d3 e5 9. Be3 f5 10. c4 Qd7 11. a3 Bxf3 12. Bxf3 Nd4 13. Bxd4 Qxd4 14. Qb3 c6 15. Rad1 Bd6 16. a4 Rhe8 17. a5 a6 18. Rfe1 g5 19. h3 Bc5 20. Qc2 Bb4 21. Re3 Rd6 22. Qa4 Qc5 23. d4 Qxa5 24. Qb3 e4 25. c5 Rd5 26. Bh5 Re7 27. Qc2 Qd8 28. f3 Rxd4 29. fxe4 Rxd1+ 30. Bxd1 Qd4 31. Qf2 Qxd1+ 32. Kh2 f4 33. Re2 Qd3 34. Kh1 Rxe4 35. Rxe4 Qxe4 36. Kh2 Be1 37. Qf1 Bg3+ 38. Kh1 Qe1 39. Qxe1 Bxe1 40. Kg1 Bb4 41. Kf2 Bxc5+ 42. Kf3 Kd7 43. Kg4 Be7 44. Kh5 a5 45. Kg4 b5 46. Kf3 a4 47. Ke2 b4 48. Kd2 a3 49. bxa3 bxa3 50. Kc2 h5 51. Kb3 g4 52. hxg4 hxg4 53. Kc3 f3 54. gxf3 gxf3 55. Kd3 a2 56. Ke3 a1Q 57. Kxf3 Qd4 58. Ke2 Ke6 59. Kf3 Ke5 60. Ke2 Ke4 61. Ke1 Kf3 62. Kf1 Qf2# 0-1